La personalidad del maestro

Saved in:
Bibliografiske detaljer
Hovedforfatter: Jersild, Arthur Thomas (Author)
Format: Bog
Sprog:spansk
Udgivet: Buenos Aires Paidós 1965
Serier:Biblioteca del Educador Contemporáneo, 21
Fag:
Tags: Tilføj Tag
Ingen Tags, Vær først til at tagge denne postø!

MARC

LEADER 00000cam a2200000 a 4500
001 UCF6657
003 CL-VaPUC
008 130516e19650000AG |||||||||||||||||spa|d
082 0 4 |a 371.1  |b JER  |2 21 
100 |a Jersild, Arthur Thomas  |e author  |9 568688 
245 1 3 |a La personalidad del maestro 
300 |a 166 p 
942 |c BK 
945 |d 20130516 00:00:00  |a cmena 
260 |a Buenos Aires  |b Paidós  |c 1965 
650 0 |a Docentes  |9 311365 
650 0 |a Personalidad   |9 307255 
650 0 |a Ansiedad  |9 307519 
650 0 |a Psicología educacional   |9 307830 
650 0 |a Problemas sociales  |9 258537 
583 |a last modification  |c 20130516 09:57:00  |k Rodrigo Vera 
490 0 |a Biblioteca del Educador Contemporáneo, 21 
999 |c 351796  |d 351794 
952 |0 0  |1 0  |4 0  |6 371_100000000000000_JER_1965  |7 0  |8 P  |9 456137  |a BIBEDU  |b BIBEDU  |c BIBEDU_PB  |d 2019-11-22  |i 4957229  |o 371.1 JER 1965  |p 4957229  |r 2024-01-25  |w 2019-11-22  |y BK  |k BME